Les chambres à gaz secret d'etat / (Record no. 168840)

MARC details
000 -LEADER
campo de control de longitud fija 00890nam a22002535i 4500
001 - NÚMERO DE CONTROL
campo de control 168840
003 - IDENTIFICADOR DE NÚMERO DE CONTROL
campo de control ES-MaACL
005 - FECHA Y HORA DE LA ÚLTIMA TRANSACCIÓN
campo de control 20230906213916.0
008 - DATOS DE LONGITUD FIJA--INFORMACIÓN GENERAL
campo de control de longitud fija 080613s1984 fr |||| | fre d
020 ## - NÚMERO INTERNACIONAL ESTÁNDAR DEL LIBRO
Número Internacional Estándar del Libro 2-02-009628-5
080 ## - NÚMERO DE LA CLASIFICACIÓN DECIMAL UNIVERSAL
Número de la Clasificación Decimal Universal 343.819.5(4)"1933/45"
100 1# - ENTRADA PRINCIPAL--NOMBRE DE PERSONA
Nombre de persona Kogon, Eugen.
9 (RLIN) 68470
245 14 - MENCIÓN DEL TÍTULO
Título Les chambres à gaz secret d'etat /
Mención de responsabilidad, etc. Eugen Kogon, Hermann Langbein, Adalbert Rückerl ; traduit de l'allemand par Henry Rollet.
260 ## - PUBLICACIÓN, DISTRIBUCIÓN, ETC.
Lugar de publicación, distribución, etc. [Paris] :
Nombre del editor, distribuidor, etc. Editions de Minuit,
Fecha de publicación, distribución, etc. [1984]
300 ## - DESCRIPCIÓN FÍSICA
Extensión 313 p. ;
Dimensiones 18 cm.
490 1# - MENCIÓN DE SERIE
Mención de serie Points
650 14 - PUNTO DE ACCESO ADICIONAL DE MATERIA--TÉRMINO DE MATERIA
Término de materia o nombre geográfico como elemento de entrada Guerra mundial, 1939-1945-
Subdivisión general Campos de concentración.
9 (RLIN) 13235
700 1# - ENTRADA AGREGADA--NOMBRE PERSONAL
Nombre de persona Langbein, Hermann.
9 (RLIN) 137962
700 1# - ENTRADA AGREGADA--NOMBRE PERSONAL
Nombre de persona Rückerl, Adalbert.
9 (RLIN) 137963
700 1# - ENTRADA AGREGADA--NOMBRE PERSONAL
Nombre de persona Rollet, Henry.
9 (RLIN) 137964
830 0# - PUNTO DE ACCESO ADICIONAL DE SERIE-TÍTULO UNIFORME
Título uniforme Points
9 (RLIN) 184077
852 ## - LOCALIZACIÓN
Ubicación ES-MaACL
Número de control de estantería E-12179
itemnumber R.190426
Nota libre .- Biblioteca Jacinto Martínez Lacalle
Holdings
Estatus retirado Estado de pérdida Estado de daño No para préstamo Biblioteca de origen Biblioteca actual Ubicación en estantería Fecha de adquisición Fuente de adquisición Total de préstamos Signatura topográfica completa Código de barras Visto por última vez Precio de reemplazo Tipo de ítem Koha
        Biblioteca del Ateneo de Madrid Biblioteca del Ateneo de Madrid Depósito 2 13/06/2008     E-12179 1177190 23/02/2023 23/02/2023 Libro impreso